Mechanical Engineers Handbook / (Record no. 196097)
[ view plain ]
| 000 -LEADER | |
|---|---|
| fixed length control field | 01020 a2200169 4500 |
| 003 - CONTROL NUMBER IDENTIFIER | |
| control field | Nust |
| 005 - DATE AND TIME OF LATEST TRANSACTION | |
| control field | 20221026145605.0 |
| 040 ## - CATALOGING SOURCE | |
| Transcribing agency | Nust |
| 082 ## - DEWEY DECIMAL CLASSIFICATION NUMBER | |
| Classification number | 621.31,BAU |
| 100 ## - MAIN ENTRY--PERSONAL NAME | |
| Personal name | Theodore Baumeister |
| 9 (RLIN) | 101451 |
| 245 ## - TITLE STATEMENT | |
| Title | Mechanical Engineers Handbook / |
| Statement of responsibility, etc. | Theodore Baumeister |
| 250 ## - EDITION STATEMENT | |
| Edition statement | 6th Ed |
| 260 ## - PUBLICATION, DISTRIBUTION, ETC. | |
| Place of publication, distribution, etc. | London |
| Name of publisher, distributor, etc. | McGraw-Hill |
| Date of publication, distribution, etc. | 1958 |
| 300 ## - PHYSICAL DESCRIPTION | |
| Extent | xxiv,18-41p; |
| 505 ## - FORMATTED CONTENTS NOTE | |
| Formatted contents note | Mathematical Tables (Page-1-2), Geometry and Mensuration (Page-2-11), Mechanics of Solids (Page-3-2),Thermal Properties of Bodies and Thermodynamics (Page-4-2), Mechanical Properties Of Materials (Page-5-2), General Properties of Materials (Pag6-3), Fuels (Page-7-2), Mechanism (Page-8-3), Sources of Energy (Page-9-3), Hoisting Machinery (Page-10-2), Automobiles (Page-11-2), Industrial Plants (Page-12-2), Foundry Practice and Equipment (Page-13-2), Pumps (Page-14-2), Electrical Engineering (Page-15-2), Instruments (Page-16-2), Industrial Economics and Managements (Page-17-2), Mechanical Refrigeration (Page-18-2). |
| 942 ## - ADDED ENTRY ELEMENTS (KOHA) | |
| Source of classification or shelving scheme | |
| Koha item type | Book |
| Withdrawn status | Lost status | Source of classification or shelving scheme | Damaged status | Not for loan | Permanent Location | Current Location | Shelving location | Date acquired | Full call number | Barcode | Date last seen | Price effective from | Koha item type | Public note |
|---|---|---|---|---|---|---|---|---|---|---|---|---|---|---|
| Military College of Signals (MCS) | Military College of Signals (MCS) | General Stacks | 12/12/2016 | 621.31,BAU | MCS36779 | 12/08/2016 | 12/12/2016 | Book | Almirah No.28, Shelf No.5 |
